000 00463nam a2200193Ia 4500
003 GCL
008 140319s9999 xx 000 0 eng d
040 _aGCL /
_cGCL
082 0 4 _a726.5
_bV P
100 1 _aVORONIN, N. N.
245 1 0 _aPALACES AND CHURCHES OF THE KREMLIN /
_cVORONIN, N. N.
260 _a[S.N] :
_bARTIA ،
_c1965
300 _a124
650 0 4 _aPALACES
650 0 4 _aMOSCOW
650 0 4 _aCHURCHES
650 0 4 _aKREMLIN
942 _2ddc
_cBK
999 _c24277
_d24277